000
00300nam a22001217a 4500
008
180423b xxu||||| |||| 00| 0 eng d
041
_a
eng
080
_a
043.3
100
_a
0
101
_a
INI-BA
245
_a
Projekti i Organizimit te Biblotekes dhe Arkives ne Lipjan
_c
Dibra, B
942
_2
udc
_c
BK
999
_c
45427
_d
45427